000 00431nam a2200157Ia 4500
008 230312s9999||||xx |||||||||||||| ||und||
020 _a0-07-055117-0
082 _a658.15
_bSCH-I
100 _aLawrnce D Schall
245 0 _aIntroduction to Financial Management
260 _bMcGraw Hill
_aNew York
_c1991
300 _a885
546 _aEng.
650 _aManagement
_vthe corporate objective, the key role of finance
942 _cBK
999 _c881
_d881